Destinations from Bournemouth Airport (BOH) - Statistics

General Stats
  • This quiz has been taken 22 times
  • The average score is 15 of 25
Answer Stats
Country Airline Destination % Correct
Ireland Ryanair Dublin / DUB
100%
Portugal Ryanair Faro / FAO
80%
Switzerland Easy Jet Geneva / GVA
80%
Spain Ryanair Malaga / AGP
80%
Spain Ryanair,Tui Fly Tenerife / TFS
80%
Croatia Ryanair Zadar / ZAD
80%
Turkey Tui Fly Antalya / AYT
73%
Spain Ryanair,Tui Fly Gran Canaria / LPA
73%
Spain Tui Fly Ibiza / IBZ
73%
Malta Ryanair Malta / MLA
73%
Spain Ryanair Alicante / ALC
67%
Spain Ryanair Girona / GRO
67%
Greece Tui Fly Heraklion / HER
67%
Spain Ryanair,Tui Fly Lanzarote / ACE
67%
Spain Ryanair,Tui Fly Palma de Mallorca / PMI
67%
Greece Tui Fly Corfu / CFU
53%
Greece Tui Fly Rhodes / RHO
53%
Turkey Tui Fly Dalaman / DLM
47%
Spain Tui Fly Menorca / MAH
47%
Spain Ryanair Murcia / RMU
47%
Cyprus Tui Fly Pafos / PFO
47%
Greece Tui Fly Zakynthos / ZTH
40%
France Ryanair Carcasonne / CCF
27%
Greece Tui Fly Kefalonia / EFL
27%
France Ryanair Bergerac / EGC
0%
No matching quizzes found
Score Distribution
Percent of People with Each Score
Percentile by Number Answered
Your Score History
You have not taken this quiz